000 00939nam a2200229Ia 4500
001 L301-56036
003 IT-CnALBA
008 170116s9999||||xx |||||||||||||| ||und||
040 _aIT-CnALBA
_cIT-CnALBA
041 _aITALIANO
100 _aBOROS LADISLAUS, SJ.
245 0 _aFASI DELLA VITA.
250 _a1a ed.
260 _a BRESCIA
_bQUERINIANA EDIT. LIBR. VESC.
_c1978 [1° Ed.:1978 - Ed.Ling.Originale: 1975]
300 _a88 p.
500 _aSPIRITUALITÀ. TRADUZIONE DAL TEDESCO. FAR LUCE SULLA VITA PARTENDO DALLA MORTE E VICEVERSA. NASCITA. SVILUPPO. DECLINO. COMPIMENTO.
501 _aSocietà San Paolo EM - Piazza San Paolo, 14 - 12051 ALBA (CN) (non commercial uses only) ® Copyright 2017
520 _aSPIRITUALITÀ. TRADUZIONE DAL TEDESCO. FAR LUCE SULLA VITA PARTENDO DALLA MORTE E VICEVERSA. NASCITA. SVILUPPO. DECLINO. COMPIMENTO.
650 _aSCIENZE SOCIALI
942 _cBK
957 _71
999 _a73536
_bNO
_g Copie: 1
_c314872
_d314872